Rugby - XV de France pour le tournoi des 6 nations. - Statistiques

Statistiques générales
  • Ce quiz a été pris 293 fois
  • Le résultat moyen est 18 sur 23
Statistiques - réponses
Poste/club Joueurs % Correct
Demi de mêlée / Stade Toulousain Antoine Dupont
96%
Arrière / Stade Toulousain Thomas Ramos
92%
Ailier / Union Bordeaux-Bègles Damian Penaud
91%
Pilier Gauche / RC Toulon Jean-Baptiste Gros
91%
Demi d'ouverture / Union Bordeaux-Bègles Matthieu Jalibert
91%
Talonneur / Stade Toulousain Peato Mauvaka
91%
Pilier Droit / Stade Rochelais Uini Atonio
88%
Ailier / Union Bordeaux-Bègles Louis Bielle-Biarrey
86%
3ème ligne centre / Stade Rochelais Grégory Alldritt
85%
Talonneur / Stade Toulousain 16. Julien Marchand
84%
3ème ligne aile / Stade Toulousain François Cros
84%
Centre / Union Bordeaux-Bègles Yoram Moefana
84%
Pilier gauche / Stade Toulousain 17. Cyril Baille
75%
Demi de mêlée / Racing 92 22. Nolann Le Garrec
74%
2ème ligne / Stade Toulousain Emmanuel Meafou
74%
3ème ligne aile / Stade Rochelais Paul Boudehent
74%
Centre / Stade Toulousain Pierre-Louis Barassi
73%
3ème ligne / Stade Rochelais 21. Oscar Jegou
66%
2ème ligne / Pau 19. Hugo Auradou
64%
Centre / Pau 23. Émilien Gailleton
62%
2ème ligne / Stade Toulousain Alexandre Roumat
61%
Pilier droit / Stade Rochelais 18. Georges Henri Colombe
58%
3ème ligne / Lyon 20. Mickaël Guillard
58%
Aucun quiz correspondant
Distribution des résultats
% des personnes avec chaque résultat
Percentile par nombre de réponses
Votre historique - résultats
Vous n’avez pas pris ce quiz